000 00724nam a2200241Ia 4500
003 OSt
005 20221006155831.0
006 a|||||r|||| 00| 0
007 ta
008 221006b |||||||| |||| 00| 0 eng d
024 _a43,629
037 _cSeries Articles
040 _aEASL
_cEASL
_beng
041 _2eng
_aeng
100 _aCarrington Michael
_9670556
245 0 _aOfficers,gentlemen,and murderers
_blord curzon's campaign against 'collisions' between indians and europeans,1899-1905
260 _aCambridge
_bCambridge University Press UK
_c2013
300 _a780-819
_ccm.
490 _v47
650 _aAsian Studies
942 _cREF
_2CC
999 _c1111715
_d1111715